| 000 | 00442nam a2200157 a 4500 | ||
|---|---|---|---|
| 001 | 000035572 | ||
| 005 | 20200930074437.0 | ||
| 008 | 111103s1988 xxua 000 0 spa d | ||
| 020 | _a0891342443 | ||
| 040 |
_aDO-SdBNP _bspa _cBNPHU |
||
| 082 |
_axxx _bW256c |
||
| 100 | 1 |
_aWard, Dick _961473 |
|
| 245 | 1 | 0 |
_aCreative ad design & illustration / _cDick Ward. |
| 260 |
_aCincinati, Ohio : _bNorth Light Books, _c1988. |
||
| 300 |
_a160 p. : _b29 cm. |
||
| 999 |
_c35063 _d35063 |
||